Enseñar lengua

שמור ב:
מידע ביבליוגרפי
Main Authors: Cassany, Daniel (Author), Luna, Marta (Author), Sanz, Gloria (Author)
פורמט: ספר
שפה:ספרדית
יצא לאור: Barcelona Graó 1997
מהדורה:2a. ed
סדרה:Serie Lengua, 117
נושאים:
תגים: הוספת תג
אין תגיות, היה/י הראשונ/ה לתייג את הרשומה!

MARC

LEADER 00000nam a2200000 a 4500
001 UCQ4557
003 CL-VaPUC
005 20231023100320.0
008 980910e19970000SP |||||||||||||||||spa|d
999 |c 274918  |d 274916 
040 |c Pontificia Universidad Católica de Valparaíso 
082 0 4 |a 372.6  |b CAS  |2 21 
100 0 |a Cassany, Daniel  |e author  |9 418714 
245 1 0 |a Enseñar lengua 
250 |a 2a. ed 
260 |a Barcelona  |b Graó  |c 1997 
300 |a 575 p 
490 0 |a Serie Lengua, 117 
583 |a last modification  |c 19980910 00:00:00  |k Rodrigo Vera 
650 0 |a Lengua  |9 265069  |x Didáctica 
650 0 |a Lenguaje   |9 265069  |x Enseñanza 
700 0 |a Luna, Marta  |e author  |9 418715 
700 0 |a Sanz, Gloria  |e author  |9 418716 
942 |c BK  |2 ddc 
945 |d 19980910 00:00:00  |a aarredon 
952 |0 0  |1 0  |4 0  |6 372_600000000000000_CAS_1997  |7 0  |8 A  |9 311320  |a BIBEDU  |b BIBEDU  |c ES_NOD  |d 2019-11-20  |i 3462005  |o 372.6 CAS 1997  |p 3462005  |r 2023-08-09  |w 2019-11-20  |y BK  |k LIT 
952 |0 0  |1 0  |4 0  |6 372_600000000000000_CAS_1997  |7 0  |8 A  |9 311321  |a FDOPOS  |b BIBEDU  |d 2019-11-20  |i 3680673  |l 1  |o 372.6 CAS 1997  |p 3680673  |r 2025-01-22  |s 2024-11-21  |w 2019-11-20  |y BK  |k MLA